000 00754nam a2200289Ia 4500
005 20260324114754.0
008 008 260324s9999 xx 000 0 eng d
020 _a9780429426025
037 _aEBOOK
040 _aCRL
040 _beng
040 _cCRL
041 _2eng
041 _aeng
084 _qCRL
100 _aEduardo Lander; Jeffrey K. Liker; Thomas E. Root
_91152100
245 0 _aLean in a High-Variability Business
245 2 _bA Graphic Novel about Lean and People at Zingerman’s Mail Order
260 _bTaylor and Francis
260 _c2021
365 _a
365 _b145
856 _uhttp://www.taylorfrancis.com/books/9780429426025
942 _cEBOOK
999 _c1742466
_d1742466